Quizzes
Events
Quiz Creation
Community
Videos
Private Events
Remove Ads
Sign In
Join for FREE
Feedback
Dark Mode
Quiz Categories
Sports
Geography
Music
Movies
Television
Just For Fun
Miscellaneous
History
Literature
Language
Science
Gaming
Entertainment
Religion
Holiday
For Kids
Quiz Lab
Recent
Popular Today
Quiz Kudos Today
Editor Picks
Curator Picks
Quizzes by...
Day
Popularity
Type
Ratings
Length
Year
Community
Subscriptions
Recent Discussions
Orange Saloon
Badges
Playlists
Quests
Create
Leaderboards
Showdown
Live 5
Trivia Bingo
Activity
Puzzle Library
Sporcle Events
Private Events
Virtual Trivia
Globe League
Become a Host
Pub Owners
SporcleCon
Opinionation
Our Games
Videos
Blog
Mobile Apps
Partnerships
Remove Ads and Go Orange
Feedback
Geography
Country
Landmarks
City
State
Population
World
Capital
Continent
Flags
Europe
Africa
Asia
South America
North America
Oceania
Border
Canada
United Kingdom
Topography
United States
Geography
Country
Landmarks
City
State
Population
World
Capital
Continent
Flags
Europe
Africa
Asia
South America
North America
Oceania
Border
Canada
United Kingdom
Topography
United States
Random Quiz
Search Sporcle
×
Quiz Lab
Quiz Lab
Geography
Border
Type in answers that appear in a list
Type in answers that appear in a list
Classic
Best Score? Go Orange.
Xyz bordering countries Stats
Can you name the countries bordering countries with xyz?
By
darthconnie
10m
153 Questions
747 Plays
747 Plays
747 Plays
Comments
Comments
Give Quiz Kudos
Give Quiz Kudos
-
- Ratings
hide this ad
Replay
Link that replays current quiz
Next Quiz
Link to next quiz in quiz playlist
You Got
0%
They Got
Avg Score
96%
Avg Friend Score
Upgrade to see
Score Distribution
Jump to the score distribution portion of the page
Score
0/153
Timer
10:00
0
Plays Today
Country
Country
% Correct
Guyana
Brazil
99.6%
Paraguay
Brazil
99.6%
Uruguay
Brazil
99.6%
Venezuela
Brazil
99.6%
Germany
Austria
99.3%
Hungary
Austria
99.3%
Italy
Austria
99.3%
Vatican City
Italy
99.3%
Czech Republic
Austria
99.3%
Switzerland
Austria
99.3%
Switzerland
Italy
99.3%
Norway
Russia
99.2%
Paraguay
Argentina
99.2%
Uruguay
Argentina
99.2%
Azerbaijan
Russia
99.2%
Brazil
Argentina
99.2%
Kazakhstan
Russia
99.2%
Luxembourg
Germany
99.1%
Luxembourg
France
99.1%
Mexico
United States
99.1%
Germany
France
99.1%
Italy
France
99.1%
Brazil
France
99.1%
Czech Republic
Germany
99.1%
Switzerland
France
99.1%
Switzerland
Germany
99.1%
Egypt
Israel
98.9%
Egypt
Libya
98.9%
Syria
Israel
98.9%
Egypt
Sudan
98.8%
Germany
Poland
98.8%
Kenya
Sudan
98.8%
Libya
Sudan
98.8%
Czech Republic
Poland
98.8%
Mexico
Belize
98.5%
Guyana
Venezuela
98.5%
Brazil
Venezuela
98.5%
Kyrgyzstan
China
98.4%
Myanmar
China
98.4%
Kazakhstan
China
98.4%
Luxembourg
Belgium
98.3%
Germany
Switzerland
98.3%
Germany
Belgium
98.3%
Italy
Switzerland
98.3%
Norway
Finland
98.3%
Norway
Sweden
98.3%
Hungary
Slovakia
98.1%
Czech Republic
Slovakia
98.1%
Mozambique
South Africa
98.1%
Swaziland
South Africa
98.1%
Zimbabwe
South Africa
98.1%
Country
Country
% Correct
Germany
Denmark
98%
Brazil
Uruguay
98%
Guyana
Suriname
97.9%
Brazil
Colombia
97.9%
Brazil
Suriname
97.9%
Venezuela
Colombia
97.9%
Paraguay
Bolivia
97.7%
Syria
Iraq
97.7%
Turkey
Iraq
97.7%
Yemen
Saudi Arabia
97.7%
Brazil
Bolivia
97.7%
Myanmar
India
97.6%
Turkey
Iran
97.6%
Azerbaijan
Iran
97.6%
Mexico
Guatemala
97.3%
Germany
Czech Republic
97.3%
Hungary
Croatia
97.3%
Hungary
Slovenia
97.3%
Italy
Slovenia
97.3%
Kyrgyzstan
Uzbekistan
97.3%
Belize
Guatemala
97.3%
Bosnia and Herzegovina
Croatia
97.3%
Kazakhstan
Uzbekistan
97.3%
Kenya
Tanzania
97.2%
Kyrgyzstan
Kazakhstan
97.2%
Brazil
Guyana
97.2%
Mozambique
Tanzania
97.2%
Mozambique
Zambia
97.2%
Tanzania
Zambia
97.2%
Uzbekistan
Kazakhstan
97.2%
Venezuela
Guyana
97.2%
Zambia
Tanzania
97.2%
Zimbabwe
Zambia
97.2%
Hungary
Serbia
97.1%
Libya
Chad
97.1%
Yemen
Oman
97.1%
Bosnia and Herzegovina
Serbia
97.1%
Malaysia
Thailand
96.9%
Myanmar
Thailand
96.9%
Syria
Jordan
96.9%
Turkey
Armenia
96.9%
Azerbaijan
Armenia
96.9%
Kazakhstan
Turkmenistan
96.9%
Uzbekistan
Turkmenistan
96.9%
Germany
Netherlands
96.8%
Kyrgyzstan
Tajikistan
96.8%
Brazil
Peru
96.8%
Uzbekistan
Tajikistan
96.8%
Libya
Algeria
96.7%
Malaysia
Indonesia
96.5%
Turkey
Georgia
96.5%
Country
Country
% Correct
Azerbaijan
Georgia
96.5%
Mozambique
Zimbabwe
96.5%
Zambia
Zimbabwe
96.5%
Turkey
Azerbaijan
96.4%
Kazakhstan
Azerbaijan
96.4%
Brazil
Paraguay
96.3%
Italy
San Marino
95.9%
Kenya
Uganda
95.9%
Libya
Tunisia
95.9%
Turkey
Greece
95.9%
Tanzania
Uganda
95.9%
Syria
Turkey
95.7%
Azerbaijan
Turkey
95.7%
Italy
Vatican City
95.6%
Kenya
Somalia
95.6%
Myanmar
Laos
95.6%
Libya
Egypt
95.3%
Syria
Lebanon
95.3%
Belize
Mexico
95.3%
Swaziland
Mozambique
95.3%
Tanzania
Mozambique
95.3%
Zambia
Mozambique
95.3%
Zimbabwe
Mozambique
95.3%
Turkey
Bulgaria
95.2%
Bosnia and Herzegovina
Montenegro
95%
Kenya
Ethiopia
94.8%
Hungary
Romania
94.6%
Hungary
Ukraine
94.5%
Myanmar
Bangladesh
94.5%
Tanzania
Democratic Republic of the Congo
94.4%
Zambia
Democratic Republic of the Congo
94.4%
Kazakhstan
Kyrgyzstan
94.2%
Uzbekistan
Kyrgyzstan
94.2%
Germany
Luxembourg
94%
Tanzania
Rwanda
93.7%
Switzerland
Liechtenstein
93.6%
Zambia
Botswana
93.4%
Zambia
Namibia
93.4%
Zimbabwe
Botswana
93.4%
Zimbabwe
Namibia
93.4%
Zambia
Angola
93.3%
Libya
Niger
92.6%
Mozambique
Malawi
92.6%
Tanzania
Malawi
92.6%
Zambia
Malawi
92.6%
Malaysia
Brunei
92.5%
Mozambique
Swaziland
92.4%
Tanzania
Kenya
91.7%
Tanzania
Burundi
91%
Turkey
Syria
90.5%
Uzbekistan
Afghanistan
78%
Quiz Playlist
Details
Report
Send in Message
Add To Playlist
Classic:
Type in answers that appear in a list
Quiz Source
Last Updated: Feb 16, 2017
Quiz Scoreboard
CHALLENGE
Sign Up to Join the Scoreboard
Show All
Scores
Hide
Comments
May contain spoilers
Recently Published
Popular People in 1961
by mucciniale
History
6m
1-10 Letter E Words III
by El_Dandy
Language
2m
One Thing in Common: World Cities II
by knightlancer
Geography
7m
More to Explore
Quiz From the Vault
Featured Blog Post
Where Did the Easter Bunny Come From?
hide this ad
You Might Also Like...
Tags
Border Quiz
Country Quiz
XYZ
Today's Top Quizzes in Geography
Browse Geography
hide this ad
Today's Top Quizzes in Border
Browse Border
Top Contributed Quizzes in Geography
1
Countries of the World - No Outlines Minefield
2
Top 25 Cities of France on a map
3
African Flag Reveal XLV
4
Closest Countries to UK A-Z
5
Blind Secret Country CLXXXVIII
6
Find the US States - No Outlines
7
One Thing in Common: Asia
8
One Thing in Common: United Kingdom
9
One Thing in Common: Geography
10
One Thing in Common: Around the World
Explore More
Trending Topics
Marvel
Crossword
Harry Potter
Anime
Kpop
NBA
Disney
Pokémon
WWE
Soccer
NFL
Country
Puzzle
Song
The Office
hide this ad
More By:
darthconnie
Quiz
Plays
Rating
Category
Featured
Created
Foreign-Born Population: Germany
62,684
4.54
Geography
Jan 3, 2010
Most populous German Cities through time
3,037
3.77
Geography
Jan 6, 2010
Capitals of the world ending in vowels
2,032
3.67
Geography
Oct 11, 2010
Countries of the world in German
1,386
3.75
Geography
Dec 26, 2009
Figure Skating GPF Medallists- Men
767
4.25
Sports
Nov 14, 2009
Go to Creator's Profile
Score Distribution
Quiz Creator Spotlight
darthconnie
Follow
Send a Message
Quizzes Created
-
Created Quiz Play Count
-
More By This Creator
Popular Quizzes Today
1
Find the US States - No Outlines Minefield
2
The Countries of the World
3
Find the Countries of Europe - No Outlines Minefield
4
Popular People in 1961
5
1-10 Letter E Words III
6
Find the US States
7
One Thing in Common: World Cities II
8
US States
More Geography Quizzes
Geographically Closest US States: M
Published
Trending Quizzes
Risky Map Clicking: Least Populous States A-Z
1-10 Letter F Words
1-10 Letter G Words
One Thing in Common: United Kingdom
Risky Map Clicking: Next State Alphabetically
Recently Updated
Leaping Animals
pecheneg
Reality TV Shows (A-Z)
bhenderson79
Rickey Henderson's Hall of Fame Teammates
pecheneg
Champions League XIs: Arsenal
pecheneg
Quick Pick: Celebrities in WWE's Hall of Fame
aduchscher
A-Z Keypad Blitz II
pecheneg
Multiple Oscar Actors
pecheneg
Mystery Phrase Blitz: Oscar 'Best Actors'
pecheneg
F. Scott Fitzgerald Novels
LTH
Pick 3 Villains
ddd62291
Trending Topics
Disney
Crossword
Harry Potter
Anime
NBA
Kpop
Marvel
NFL
Song
The Office
Soccer
WWE
Country
Puzzle
Pokémon
Your Account Isn't Verified!
In order to create a playlist on Sporcle, you need to verify the email address you used during registration. Go to your
Sporcle Settings
to finish the process.
Report this User
Report this user for behavior that violates our
Community Guidelines
.
Details:
Send Report
Go to the Sporcle.com Mobile Site →
Comments